Studia Germanistica
Salvato in:
| Natura: | Periodico |
|---|---|
| Lingua: | inglese |
| Pubblicazione: |
Ostrava
Ostravská univerzita v Ostravě
|
| Tags: |
Nessun Tag, puoi essere il primo ad aggiungerne!!
|
MARC
| LEADER | 00000nas1a2200000 4500 | ||
|---|---|---|---|
| 001 | 0299916 | ||
| 005 | 20250701092136.2 | ||
| 022 | |a 2571-0273 | ||
| 022 | |a 1803-408X | ||
| 041 | 0 | |a eng | |
| 245 | 1 | 0 | |a Studia Germanistica |
| 264 | 1 | |a Ostrava |b Ostravská univerzita v Ostravě | |